Jääpallon Suomenmestarit - Statistics

Yleistilastot
  • Tätä visaa on pelattu 34 kertaa
    8 viimeisimmän päivityksen jälkeen
  • Keskiarvotulos 85 / 116
Vastaustilastot
Hint Vastaus % Oikein
1989 | 1992 | 1997 | 2016 Botnia
100%
1910 | 1911 | 1912 | +14 others HIFK
100%
2019 | 2025 | 2026 JPS
100%
1951 | 1955 | 1957 | +5 others Veiterä
100%
1981 | 1985 | 2020 | 2021 Akilles
83%
2012 | 2015 Kampparit
83%
1999 | 2023 Narukerä
83%
1970 | 1975 | 1976 | +13 others OLS
83%
1943 | 1945 | 1946 | +13 others WP35
83%
1921 | 1923 | 1924 | +2 others HJK
67%
1953 | 1956 | 1960 | +4 others OPS
67%
2000 | 2002 | 2004 | +3 others ToPV
67%
1949 LUM
33%
1968 MP
33%
1914 | 1915 | 1916 | +11 others Sudet
33%
1969 | 1972 | 1973 | 1974 Vastus
33%
1958 | 1959 KUV
17%
1908 | 1909 PUS
17%
1931 | 1936 ViPS
17%
Ehtoja vastaavia visoja ei löytynyt
Tulosjakauma
Jokaisen tuloksen saaneiden osuus
Persentiili vastausten määrän mukaan
Tuloshistoriasi
Et ole pelannut tätä visaa sen viimeisimmän päivityksen jälkeen